000 00463nam a2200169 i 4500
001 135465
003 ES-MaACL
005 20230906194905.0
007 t|
008 070718s1971 sp ||||1| spa d
080 _a860-311.2"19"
100 1 _aTorre, Claudio de la.
_9110731
245 1 0 _aVerano de Juan "el Chino" /
_cClaudio de la Torre.
260 _aMadrid :
_bRevista de Occidente,
_c[1971]
300 _a144 p. ;
_c18 cm.
852 _aES-MaACL
_jC-40303
999 _c135465
_d135465